00940nam a2200193 a 450000100100000000500170001000800410002704000250006811000320009324000170012524501520014226000450029430000210033950000420036095201110040295201050051395201110061899900170072900003860320201002031317.0130416s2012 dr 000 0 spa d aDO-SdBNPbspacBNPHU1 aRepública Dominicana944710a[leyes,etc.]10aDec. 490-07. Reglamento de compras y contrataciones de bienes, servicios y conseciones :bMod. por la ley 449-06 adaptado para estudio comparativo. aSanto Domingo :bEdiciones Dalis,c2012. a132 p. ;c22 cm. aIncluye notas al pie de las páginas 0010718DSaGRbGRcCTd2013-04-16iLF1l0o p38603-30r2020-06-25te. 3w2020-06-25yLFDSZNo se presta 0010718PDaPDbPDcCTd2013-04-16iLF1l0o p38603-10r2020-06-25w2020-06-25yLFPDZNo se presta 0010718PDaPDbPDcCTd2013-04-16iLF1l0o p38603-20r2020-06-25te. 2w2020-06-25yLFPDZNo se presta c38093d38093